Welcome to the Holygrace Academy Library

Please use search bar below to get started

WORLD OF FACTS (Record no. 2992)

MARC details
000 -LEADER
fixed length control field 00259nam a22001217a 4500
082 ## - DEWEY DECIMAL CLASSIFICATION NUMBER
Classification number 001
Item number ASH/W
100 ## - MAIN ENTRY--AUTHOR NAME
Personal name ASH,RUSSEL
245 ## - TITLE STATEMENT
Title WORLD OF FACTS
260 ## - PUBLICATION, DISTRIBUTION, ETC. (IMPRINT)
Place of publication NEW DELHI
Name of publisher PENGUIN BOOKS
300 ## - PHYSICAL DESCRIPTION
Number of Pages 320
650 ## - SUBJECT ADDED ENTRY--TOPICAL TERM
Topical Term GENERAL KNOWLEDGE
Geographic subdivision INDIA
942 ## - ADDED ENTRY ELEMENTS (KOHA)
Koha item type Books
Holdings
Withdrawn status Lost status Collection code Home library Current library Shelving location Date acquired Source of acquisition Full call number Accession Number Koha item type
    Reference Main Library Main Library SHELF 2-H -WORLD OF FACTS,ALL ABOUT NATION&ENCYCLOPEDIAS 11/05/2009 PURCHASE 001 ASH/W 04465 Books